000 00260nam a22001217a 4500
008 170524b xxu||||| |||| 00| 0 eng d
041 _aeng
080 _a621
100 _a26
101 _aIM
245 _aMECHANICS FOR ENGINEERS
_cBEER,F.P
942 _2udc
_cBK
999 _c14165
_d14165